000 01024nmm a2200325 a 4500
003 AR-BaBNM
005 20251128204328.0
008 011101s1990 ||||||||||||||000 | spa||
040 _cAR-BaBNM
100 1 _aOrri de Castorino, Rosa
245 1 0 _aLa adquisición de la lengua en el discapacitado auditivo
_bmodos de comunicación en la sordera-ceguera
260 _aBuenos Aires
_bMagisterio del Río de la Plata
_c1990
300 _a158 p.
_bil., cuadros, gráfs.
504 _aContiene bibliografía
650 4 _aEDUCACION ESPECIAL
650 4 _aESTIMULACION TEMPRANA
650 4 _aEDUCACION DE SORDOS
650 4 _aEDUCACION DE CIEGOS
650 4 _aACTIVIDADES DE APRENDIZAJE
650 4 _aGUIAS DE ESTUDIOS
650 4 _aTECNICAS DIDACTICAS
650 4 _aINTEGRACION ESCOLAR
650 4 _aINTEGRACION SOCIAL
650 4 _aPROCESO DE COMUNICACION
650 4 _aPROBLEMAS DE LA COMUNICACION
650 4 _aRECURSOS EDUCACIONALES
653 _aDISCAPACIDAD MOTORA
942 _cBK
998 _cGrace
999 _c7045
_d7045